Hacia una caracterización de las políticas europeas: propiedad intelectual, comercio, agrícola e inversiones y servicios /
Guardado en:
| Autor principal: | |
|---|---|
| Autor Corporativo: | |
| Otros Autores: | , |
| Formato: | Texto |
| Etiquetas: |
Agregar Etiqueta
Sin Etiquetas, Sea el primero en etiquetar este registro!
|
MARC
| LEADER | 00000 a a2200000 04500 | ||
|---|---|---|---|
| 001 | 38187 | ||
| 003 | |||
| 040 | |||
| 090 | |a 0001 I59h (4) | ||
| 100 | |a Hernández, Greivin | ||
| 110 | |a Universidad de Costa Rica. Facultad de Ciencias Sociales. Instituto de Investigaciones Sociales | ||
| 245 | |a Hacia una caracterización de las políticas europeas: propiedad intelectual, comercio, agrícola e inversiones y servicios / |c Greivin Hernández | ||
| 300 | |a 64 p. | ||
| 700 | |a Ramírez, Alonso | ||
| 700 | |a Ulate, Enrique | ||
| 999 | |c 8667 |d 8667 | ||
